| 000 | 01329nam a2200337Ia 4500 | ||
|---|---|---|---|
| 001 | ebr10156487 | ||
| 003 | CaPaEBR | ||
| 006 | m u | ||
| 007 | cr cn||||||||| | ||
| 008 | 060127s2006 enka sb 001 0 eng d | ||
| 015 |
_aGBA623319 _2bnb |
||
| 020 | _z1845112199 (pbk.) | ||
| 020 | _z9781845112196 | ||
| 024 | 3 |
_z9781845112196 _c(pbk.) |
|
| 040 |
_aCaPaEBR _cCaPaEBR |
||
| 035 | _a(OCoLC)82149859 | ||
| 050 | 1 | 4 |
_aPN1995.9.D4 _bH84 2006eb |
| 082 | 0 | 4 |
_a791.436556 _222 |
| 100 | 1 | _aHughes, Howard. | |
| 245 | 1 | 0 |
_aCrime wave _h[electronic resource] : _bthe filmgoers' guide to the great crime movies / _cHoward Hughes. |
| 260 |
_aLondon ; _aNew York : _bI.B. Tauris ; _aNew York : _bDistributed by Palgrave Macmillan, _c2006. |
||
| 300 |
_axxviii, 236 p. : _bill. |
||
| 504 | _aIncludes bibliographical references (p. 221-224) and index. | ||
| 533 |
_aElectronic reproduction. _bPalo Alto, Calif. : _cebrary, _d2009. _nAvailable via World Wide Web. _nAccess may be limited to ebrary affiliated libraries. |
||
| 650 | 0 | _aDetective and mystery films. | |
| 650 | 0 | _aGangster films. | |
| 650 | 0 | _aFilm noir. | |
| 655 | 7 |
_aElectronic books. _2local |
|
| 710 | 2 | _aebrary, Inc. | |
| 856 | 4 | 0 |
_uhttp://site.ebrary.com/lib/rucke/Doc?id=10156487 _zAn electronic book accessible through the World Wide Web; click to view |
| 999 |
_c201345 _d201345 |
||